[Event "Palmira op-B"]
[Site "Palmira"]
[Date "2022.12.17"]
[Round "6"]
[White "Morales Zambrano, Juan"]
[Black "Diaz Larrea, Juan Manuel"]
[Result "1/2-1/2"]
[WhiteElo "1600"]
[BlackElo "1761"]
[PlyCount "113"]
[EventDate "2022.12.14"]
[EventType "swiss"]
[EventRounds "8"]
[EventCountry "COL"]
[SourceTitle "CBM 211 Extra"]
[Source "ChessBase"]
[SourceDate "2023.01.31"]
[SourceVersion "1"]
[SourceVersionDate "2023.01.31"]
[SourceQuality "1"]

1. b4 c6 2. Bb2 Qb6 3. a3 a5 4. c4 axb4 5. c5 Qd8 6. axb4 Rxa1 7. Bxa1 d6 8. d4 Nf6 9. e3 g6 10. Nf3 Bg7 11. h3 0-0 12. Qb3 b6 13. Bc4 b5 14. Be2 Be6 15. Qb2 Nd5 16. 0-0 Na6 17. Ng5 Bc8 18. Nc3 Naxb4 19. Qb3 Nxc3 20. Bxc3 Nd5 21. cxd6 exd6 22. Nf3 Nxc3 23. Qxc3 Bd7 24. Qb4 Qe7 25. Rc1 Rb8 26. Nd2 Bf8 27. Bf3 c5 28. Qb2 Qd8 29. dxc5 dxc5 30. Ne4 Bg7 31. Qd2 Bc6 32. Qxd8+ Rxd8 33. Rxc5 Bxe4 34. Bxe4 b4 35. Rb5 Rd1+ 36. Kh2 Bc3 37. Bd5 Kg7 38. e4 Rf1 39. Rb7 Rxf2 40. Kg3 Rf1 41. Kh2 Be5+ 42. g3 Rf2+ 43. Kg1 Bxg3 44. Rxb4 Rc2 45. Rb7 Rc7 46. Rxc7 Bxc7 47. Kg2 f6 48. Kf3 g5 49. Kg4 Kg6 50. Bc6 h5+ 51. Kf3 Kf7 52. Bd7 Ke7 53. Bf5 Kd6 54. Bg6 h4 55. Kg4 Ke5 56. Bh7 Kd4 57. Bf5 1/2-1/2

[Event "Palmira op-B"]
[Site "Palmira"]
[Date "2022.12.14"]
[Round "1"]
[White "Bolanos Lopez, Juan Jacobo"]
[Black "Morales Zambrano, Juan"]
[Result "1-0"]
[WhiteElo "1860"]
[BlackElo "1600"]
[PlyCount "103"]
[EventDate "2022.12.14"]
[EventType "swiss"]
[EventRounds "8"]
[EventCountry "COL"]
[SourceTitle "CBM 211 Extra"]
[Source "ChessBase"]
[SourceDate "2023.01.31"]
[SourceVersion "1"]
[SourceVersionDate "2023.01.31"]
[SourceQuality "1"]

1. e4 c5 2. c3 Nc6 3. d4 cxd4 4. cxd4 d5 5. exd5 Qxd5 6. Nf3 Bg4 7. Be2 e6 8. h3 Bh5 9. Nc3 Bb4 10. 0-0 Bxc3 11. bxc3 Nge7 12. c4 Qd7 13. Bb2 0-0 14. Qd2 Rad8 15. Rad1 a6 16. Qc3 f6 17. d5 exd5 18. cxd5 Nxd5 19. Rxd5 Qxd5 20. Bc4 Bxf3 21. gxf3 Kh8 22. Bxd5 Rxd5 23. Re1 Ne5 24. Qa3 Re8 25. Bxe5 fxe5 26. f4 h6 27. Rxe5 Rdxe5 28. fxe5 Rxe5 29. Qc3 Rb5 30. a4 Rb6 31. Kg2 Rc6 32. Qe5 Rg6+ 33. Kf3 Rf6+ 34. Ke2 b6 35. Qe8+ Kh7 36. Qe4+ Rg6 37. Qf5 a5 38. h4 h5 39. Qxh5+ Rh6 40. Qf5+ Kg8 41. h5 Rf6 42. Qd5+ Kf8 43. f4 Rh6 44. Kf3 Rf6 45. Ke4 Rh6 46. Qe5 Kf7 47. Kd4 Rf6 48. Kc4 Rh6 49. Kb5 Kg8 50. Qe8+ Kh7 51. Qe4+ Kg8 52. Qg6 1-0